000 00505nam a2200181Ia 4500
005 20250326141239.0
008 250326s9999 xx 000 0 und d
037 _aTextbook
040 _aFMSL
_beng
_cFMSL
041 _aeng
_2eng
084 _aX9W N3.1
_qFMSL
100 _aNigam Raj K
245 0 _aPolicy refereneer for public sector enterprises
_cNigam Raj K
260 _aNew Delhi
_bNew Delhi, DC
_c1993
300 _axliv,387
942 _cTB
_hX9W N3.1
999 _c1289417
_d1289417